LEADER 01234nam0 22003011i 450 001 UON00068533 005 20231205102341.44 010 $a28-580-2815-X 100 $a20020107d1987 |0itac50 ba 101 $afre 102 $aFR 105 $a|||| ||||| 200 1 $aTchad 1900-1902$eUne guerre Franco-Libyenne oubliée?$eUne confrérie musulmane, la Sanusiyya face à la France$fJean-Louis Triaud 210 $aParis$cHarmattan$dc.1987 215 $a203,xxxii p.$d22 cm 410 1$1001UON00065642$12001 $aRacines du Present$fCollection dirigee par Alain Forest. - 606 $aCIAD$xStoria$3UONC018622$2FI 606 $aGUERRA FRANCO-LIBICA, 1900-1902$3UONC018623$2FI 620 $aFR$dParis$3UONL002984 676 $a967.4302$cSTORIA DEL CIAD - Periodo coloniale (1850-1960)$v21 700 1$aTRIAUD$bJean-Louis$3UONV042527$0253734 712 $aL'Harmattan$3UONV246057$4650 801 $aIT$bSOL$c20251003$gRICA 899 $aSIBA - SISTEMA BIBLIOTECARIO DI ATENEO$2UONSI 912 $aUON00068533 950 $aSIBA - SISTEMA BIBLIOTECARIO DI ATENEO$dSI ST 016 $eSI AA 13484 5 016 996 $aTchad 1900-1902$91169755 997 $aUNIOR LEADER 03443nam 22007815 450 001 9910447242803321 005 20251225190620.0 010 $a3-030-64919-9 024 7 $a10.1007/978-3-030-64919-7 035 $a(CKB)4100000011665176 035 $a(DE-He213)978-3-030-64919-7 035 $a(MiAaPQ)EBC6427471 035 $a(PPN)252515536 035 $a(EXLCZ)994100000011665176 100 $a20201217d2020 u| 0 101 0 $aeng 135 $aurnn|008mamaa 181 $ctxt$2rdacontent 182 $cc$2rdamedia 183 $acr$2rdacarrier 200 10$aActive Inference $eFirst International Workshop, IWAI 2020, Co-located with ECML/PKDD 2020, Ghent, Belgium, September 14, 2020, Proceedings /$fedited by Tim Verbelen, Pablo Lanillos, Christopher L. Buckley, Cedric De Boom 205 $a1st ed. 2020. 210 1$aCham :$cSpringer International Publishing :$cImprint: Springer,$d2020. 215 $a1 online resource (VIII, 199 p. 65 illus., 53 illus. in color.) 225 1 $aCommunications in Computer and Information Science,$x1865-0937 ;$v1326 311 08$a3-030-64918-0 327 $aActive Inference and Continuous Control -- Active Inference and Machine Learning -- Active Inference: Theory and Biology. 330 $aThis book constitutes the refereed proceedings of the First International Workshop on Active Inference, IWAI 2020, co-located with ECML/PKDD 2020, held in Ghent, Belgium, in September 2020. The 13 full papers along with 6 short papers were thoroughly reviewed and selected from 25 submissions. They are organized in the topical sections on active inference and continuous control; active inference and machine learning; active inference: theory and biology. 410 0$aCommunications in Computer and Information Science,$x1865-0937 ;$v1326 606 $aArtificial intelligence 606 $aNumerical analysis 606 $aComputer science$xMathematics 606 $aMathematical statistics 606 $aComputer engineering 606 $aComputer networks 606 $aImage processing$xDigital techniques 606 $aComputer vision 606 $aSocial sciences$xData processing 606 $aArtificial Intelligence 606 $aNumerical Analysis 606 $aProbability and Statistics in Computer Science 606 $aComputer Engineering and Networks 606 $aComputer Imaging, Vision, Pattern Recognition and Graphics 606 $aComputer Application in Social and Behavioral Sciences 615 0$aArtificial intelligence. 615 0$aNumerical analysis. 615 0$aComputer science$xMathematics. 615 0$aMathematical statistics. 615 0$aComputer engineering. 615 0$aComputer networks. 615 0$aImage processing$xDigital techniques. 615 0$aComputer vision. 615 0$aSocial sciences$xData processing. 615 14$aArtificial Intelligence. 615 24$aNumerical Analysis. 615 24$aProbability and Statistics in Computer Science. 615 24$aComputer Engineering and Networks. 615 24$aComputer Imaging, Vision, Pattern Recognition and Graphics. 615 24$aComputer Application in Social and Behavioral Sciences. 676 $a006.3 702 $aVerbelen$b Tim 801 0$bMiAaPQ 801 1$bMiAaPQ 801 2$bMiAaPQ 906 $aBOOK 912 $a9910447242803321 996 $aActive Inference$93085120 997 $aUNINA